000 00586nam a2200229Ia 4500
003 OSt
005 20221007064944.0
006 a|||||r|||| 00| 0
007 ta
008 221006b |||||||| |||| 00| 0 eng d
024 _a19,866
037 _cTextual
040 _aFLL
_cFLL
_beng
041 _2eng
_aeng
082 _aV2:2:9Z, L7
100 _aBasu D.D.
245 0 _aConstitutional law of india
260 _aDelhi
_bPrentice-hall of india India
_c1977
300 _a564p
_ccm.
942 _hV2:2:9Z, L7
_cTEXL
_2CC
999 _c1135866
_d1135866